Adabi Lakiran / (Record no. 526430)

000 -LEADER
fixed length control field 00530nam a22001817a 4500
003 - CONTROL NUMBER IDENTIFIER
control field NUST
020 ## - INTERNATIONAL STANDARD BOOK NUMBER
Qualifying information PBK
038 ## - RECORD CONTENT LICENSOR
Staff Name Faiza
082 ## - DEWEY DECIMAL CLASSIFICATION NUMBER
Classification number 891.49101
Author Mark AKH
100 ## - MAIN ENTRY--PERSONAL NAME
Personal name Jafri, Syed Akhtar
9 (RLIN) 16242
245 ## - TITLE STATEMENT
Title Adabi Lakiran /
Statement of responsibility, etc. Syed Akhtar Jafri
260 ## - PUBLICATION, DISTRIBUTION, ETC.
Place of publication, distribution, etc. Lahore :
Name of publisher, distributor, etc. Publishers Imporian,
Date of publication, distribution, etc. 1990.
300 ## - PHYSICAL DESCRIPTION
Extent 512 p. ;
880 ## - ALTERNATE GRAPHIC REPRESENTATION
Linkage 100-01\r
Title سید اختر جعفری
880 ## - ALTERNATE GRAPHIC REPRESENTATION
Linkage 245-02\r
Title ادبی لکیراں /
880 ## - ALTERNATE GRAPHIC REPRESENTATION
Linkage 260-03\r
Title لاہور :
b پبلیشرز ایمپوریم,
c ۱۹۹۰.
942 ## - ADDED ENTRY ELEMENTS (KOHA)
Source of classification or shelving scheme
Koha item type Book
Holdings
Withdrawn status Lost status Source of classification or shelving scheme Damaged status Not for loan Permanent Location Current Location Date acquired Total Checkouts Full call number Barcode Date last seen Price effective from Koha item type
          Central Library (CL) Central Library (CL) 07/12/2019   891.49101 AKH CL-E-36 07/12/2019 07/12/2019 Book
© 2023 Central Library, National University of Sciences and Technology. All Rights Reserved.